Matka Země /

Hlavní autor: Odent, Michel, 1930-2025
Jazyk: Čeština
Vydáno: Praha : Rodiče, 2003
Vydání: Vyd. 1.
Témata:
Externí odkaz: Digitalizovaný dokument
Fyzický popis: 157 s. ; 21 cm
Knihy
Uloženo v:
LEADER 01613nam a2200433 a 4500
001 000685576
003 CZ BrMZK
005 20080422124016.0
007 ta
008 030903s2003 xr f 000 0 cze d
015 |a cnb001253843 
020 |a 80-86695-05-0  |q (váz.) :  |c Kč 196,00 
035 |a (OCoLC)880867933 
040 |a BOA001  |b cze 
041 1 |a cze  |h eng 
072 7 |a 316.3  |x Globální společnosti. Sociální struktura. Sociální skupiny  |2 Konspekt  |9 18 
080 |a 316.324.7  |2 MRF 
080 |a 618.2  |2 MRF 
080 |a 574  |2 MRF 
080 |a 63  |2 MRF 
080 |a (048.8)  |2 MRF 
100 1 |a Odent, Michel,  |d 1930-2025  |7 xx0002116  |4 aut 
245 1 0 |a Matka Země /  |c Michel Odent 
250 |a Vyd. 1. 
260 |a Praha :  |b Rodiče,  |c 2003 
300 |a 157 s. ;  |c 21 cm 
500 |a Vydáno ve spolupráci s firmou ELCO s.r.o. - výhradní dovozce vysavačů VAX 
500 |a Překlad z angličtiny 
504 |a Obsahuje bibliografii a rejstřík 
650 0 7 |a industriální společnost  |7 ph117208  |2 czenas 
650 0 7 |a porodnictví  |7 ph124365  |2 czenas 
650 0 7 |a ekologie  |7 ph114418  |2 czenas 
650 0 7 |a zemědělství  |7 ph116770  |2 czenas 
655 7 |a studie  |7 fd133597  |2 czenas 
856 4 1 |u http://www.digitalniknihovna.cz/mzk/uuid/uuid:394f4b50-1955-11e4-8e0d-005056827e51  |y Digitalizovaný dokument  |x NDK 
910 |a BOA001  |b 2-1122.450 
990 |a BK 
996 6 |b 2610197357  |c 2-1122.450  |l MZK  |r Sklad / do 1 hodiny  |n 1  |p kup  |w 000685576  |u 000010  |a 1  |e BOA001  |j MZK50  |s P 
996 7 |b 2610233582  |c 2-1122.450  |l Vol.výběr  |r VV 1p  |n 62  |p p.v.  |h 618 ODE  |w 000685576  |u 000020  |a 0  |e BOA001  |j MZK50  |s A